SZČO registrované pre DPH a možnosť uplatnenia paušálnych výdavkov

Pomerne pozitívnou novinkou pre rok 2017 bolo výrazné zvýšenie paušálnych výdavkov pre samostatne zárobkovo činné osoby (SZČO). Skutočnosť, ktoré podnikateľské subjekty si výdavky percentom z príjmov uplatniť môžu a ktoré nie, závisí v mnohých prípadoch aj od typu registrácie pre daň z pridanej hodn...

Ausführliche Beschreibung

Gespeichert in:
Bibliographische Detailangaben
1. Verfasser: Furmaník, Peter
Format: Buchkapitel
Sprache:Slowakisch
Schlagworte:
Tags: Tag hinzufügen
Keine Tags, Fügen Sie das erste Tag hinzu!

MARC

LEADER 00000naa a2200000 4500
001 0230082
005 20170516072553.2
041 0 |a slo 
044 |a SK 
245 1 0 |a SZČO registrované pre DPH a možnosť uplatnenia paušálnych výdavkov  |c Peter Furmaník 
520 |a Pomerne pozitívnou novinkou pre rok 2017 bolo výrazné zvýšenie paušálnych výdavkov pre samostatne zárobkovo činné osoby (SZČO). Skutočnosť, ktoré podnikateľské subjekty si výdavky percentom z príjmov uplatniť môžu a ktoré nie, závisí v mnohých prípadoch aj od typu registrácie pre daň z pridanej hodnoty či dokonca obratu pre povinnú registráciu. Základné pravidlá pre paušálne výdavky a sledovanie zákonného obratu, vrátane príkladov z praxe. 
610 2 0 |a dane paušálne 
610 2 0 |a výdavky 
610 2 0 |a dane z hodnoty pridanej 
610 2 0 |a osoby fyzické 
610 2 0 |a Slovensko 
610 2 0 |a legislatíva 
100 1 |a Furmaník, Peter